<?xml version="1.0" encoding="UTF-8"?><?xml-stylesheet type="text/xsl" href="static/style.xsl"?><OAI-PMH xmlns="http://www.openarchives.org/OAI/2.0/" xmlns:xsi="http://www.w3.org/2001/XMLSchema-instance" xsi:schemaLocation="http://www.openarchives.org/OAI/2.0/ http://www.openarchives.org/OAI/2.0/OAI-PMH.xsd"><responseDate>2026-04-18T03:39:50Z</responseDate><request verb="GetRecord" identifier="oai:www.recercat.cat:2117/356789" metadataPrefix="marc">https://recercat.cat/oai/request</request><GetRecord><record><header><identifier>oai:recercat.cat:2117/356789</identifier><datestamp>2025-07-24T18:11:45Z</datestamp><setSpec>com_2072_1033</setSpec><setSpec>col_2072_452951</setSpec></header><metadata><record xmlns="http://www.loc.gov/MARC21/slim" xmlns:dcterms="http://purl.org/dc/terms/" xmlns:xsi="http://www.w3.org/2001/XMLSchema-instance" xmlns:doc="http://www.lyncode.com/xoai" xsi:schemaLocation="http://www.loc.gov/MARC21/slim http://www.loc.gov/standards/marcxml/schema/MARC21slim.xsd">
   <leader>00925njm 22002777a 4500</leader>
   <datafield ind2=" " ind1=" " tag="042">
      <subfield code="a">dc</subfield>
   </datafield>
   <datafield ind2=" " ind1=" " tag="720">
      <subfield code="a">Arxer Andreu, Elena</subfield>
      <subfield code="e">author</subfield>
   </datafield>
   <datafield ind2=" " ind1=" " tag="260">
      <subfield code="c">2021-09-27</subfield>
   </datafield>
   <datafield ind2=" " ind1=" " tag="520">
      <subfield code="a">Aquest projecte duu com a propòsit resoldre un dels afers que combaten les empreses productives a nivell mundial: reduir la complexitat de la seva cartera de productes. En aquest cas, es tracta d’una planta que pertany a una empresa productiva i distribuïdora d’adhesius.  Per tal d’assolir-ho, en primer lloc, es presentarà l’empresa, la planta productiva  i  els productes que constitueixen aquesta última. A continuació, es realitzarà un anàlisi de la situació actual de la cartera, on s’estudiaran, per a cada producte, aspectes com: les vendes netes que generen, la cobertura del lot mínim de compra, l’exclusivitat del seus productes  intermedis,  el  seu  volum  de  clients...,  és  a  dir,  un  seguit  de  qüestions relacionades amb la cadena de subministrament. Un  cop  fet  aquest  primer  anàlisis,  es  cercarà  unificar  els  aspectes  analitzats  dels diferents productes per optimitzar les possibles solucions. Seguidament, es proposaran les millores de la cartera de productes mencionada.  Per tancar el projecte, es calcularà l’impacte econòmic que suposaria la implementació dels canvis proposats i s’explicarà l’impacte ambiental ocasionat arran de l’execució del mateix.  Finalment,  s’inclouran  les  conclusions  del  treball  en  les  que  es  valorarà  la consecució dels objectius establerts</subfield>
   </datafield>
   <datafield tag="653" ind2=" " ind1=" ">
      <subfield code="a">Àrees temàtiques de la UPC::Economia i organització d'empreses</subfield>
   </datafield>
   <datafield tag="653" ind2=" " ind1=" ">
      <subfield code="a">Product management--Cost effectiveness</subfield>
   </datafield>
   <datafield tag="653" ind2=" " ind1=" ">
      <subfield code="a">Manufacturing industries -- Management</subfield>
   </datafield>
   <datafield tag="653" ind2=" " ind1=" ">
      <subfield code="a">Gestió de productes -- Cost-eficàcia</subfield>
   </datafield>
   <datafield tag="653" ind2=" " ind1=" ">
      <subfield code="a">Indústria manufacturera -- Direcció i administració</subfield>
   </datafield>
   <datafield ind2="0" ind1="0" tag="245">
      <subfield code="a">Anàlisis i proposta de millores d’una cartera de productes d’una planta productora d’adhesius.</subfield>
   </datafield>
</record></metadata></record></GetRecord></OAI-PMH>